000 01213cam a22002294a 4500
005 20250731113204.0
008 250528s ||||||||||||||||||||||||d
035 _a15885
020 _a131246828
040 _aGR-AtMCL
_bgre
_dGR-AtMCL
_eAACR2
245 1 _aInternet & World Wide Web / How to Program
250 _a3rd
260 _bPearson International Edition,
_c2004
300 _a1592
520 _aThe Complete, authoritative DEITEL LIVE-CODE introduction to Internet and World Wide Web Programming. Preface, Introduction to Computers and the Internet, Microsoft Internet Explorer 6, Introduction to XHTML, Javascript: Introduction to Scripting, Javascript: Control Statements, Javascript: Functions, Javascript: Arrays, Javascript: Objects, Dynamic HTML: Object Model and Collections, Dynamic HTML: Event Model, Dynamic HTML: Filters and Transitions, Dynamic HTML: Data Binding with Tabular Data Control, Extensive Markup Language (XML), Web Servers (IIS and Apache), ASP.NET, PHP, Accessibility, Bibliography, Index.
700 1 _aDeitel, Harvey M.,
_d1945-
_91838
700 1 _aDeitel, Paul J.
_91839
700 1 _aGoldberg B. A
_91904
942 _cBK
999 _c1433
_d1433